Modernising housing law (Record no. 66631)
[ view plain ]
| 000 -LEADER | |
|---|---|
| fixed length control field | 01438cam a2200217 4500 |
| 001 - CONTROL NUMBER | |
| control field | ABS63703 |
| 008 - FIXED-LENGTH DATA ELEMENTS--GENERAL INFORMATION | |
| fixed length control field | 000000n2001 000 0 eng u |
| 035 ## - SYSTEM CONTROL NUMBER | |
| System control number | (Sirsi) u111823 |
| 100 ## - MAIN ENTRY--PERSONAL NAME | |
| Personal name | Partington, M. |
| 245 ## - TITLE STATEMENT | |
| Title | Modernising housing law |
| 260 ## - PUBLICATION, DISTRIBUTION, ETC. | |
| Date of publication, distribution, etc. | 2001 |
| 490 ## - SERIES STATEMENT | |
| Series statement | Legal Action |
| Volume/sequential designation | April 2001, 10(1) |
| 520 ## - SUMMARY, ETC. | |
| Summary, etc. | In response to Lord Woolf's recommendation, in his report "Access to Justice", that there should be a review of housing law, the Law Commission has recently published a consultation document entitled: "Reform of housing law: a scoping paper". In this the Commission argues for the modernisation of housing law on the grounds that there is too much of it, parts may not comply with the Human Rights Act 1998, and it is too complex. Provides further details about the contents of the consultation document. Looks at the next steps, and likely timetable, should government agree with the need for the reforms identified by the Law Commission. Further details and copies of the scoping paper can be found at: "www.lawcom.gov.uk" under 'Administrative Justice'. Alternatively, hard copies and other information can be obtained from: Richard Percival, Law Commission, Conquest House, 37-38 John Street, Theobalds Road, London WC1N 2BQ. |
| 590 ## - LOCAL NOTE (RLIN) | |
| Local note | ABS |
| 650 ## - SUBJECT ADDED ENTRY--TOPICAL TERM | |
| Topical term or geographic name entry element | HOUSING LAW |
| 650 ## - SUBJECT ADDED ENTRY--TOPICAL TERM | |
| Topical term or geographic name entry element | REFORM |
| 650 ## - SUBJECT ADDED ENTRY--TOPICAL TERM | |
| Topical term or geographic name entry element | LANDLORD AND TENANT |
| 9 (RLIN) | 6252 |
| 650 ## - SUBJECT ADDED ENTRY--TOPICAL TERM | |
| Topical term or geographic name entry element | LAW COMMISSION |
| 690 ## - LOCAL SUBJECT ADDED ENTRY--TOPICAL TERM (OCLC, RLIN) | |
| Topical term or geographic name as entry element | HOUSING |
| 942 ## - ADDED ENTRY ELEMENTS (KOHA) | |
| Suppress in OPAC | 0 |
| Withdrawn status | Lost status | Source of classification or shelving scheme | Damaged status | Not for loan | Home library | Current library | Shelving location | Date acquired | Total Checkouts | Full call number | Barcode | Date last seen | Copy number | Price effective from | Koha item type |
|---|---|---|---|---|---|---|---|---|---|---|---|---|---|---|---|
| Dewey Decimal Classification | London | London | Journal article | 04/04/2001 | ABS63703 | 111823-1001 | 06/08/2019 | 1 | 06/08/2019 | Journal article |